Vista normal
Vista MARC
Entrada Corporate Name
Número de registros utilizados en: 1
001 - CONTROL NUMBER
- control field: 37470
003 - CONTROL NUMBER IDENTIFIER
- control field: OSt
005 - DATE AND TIME OF LATEST TRANSACTION
- control field: 20210506005236.0
008 - FIXED-LENGTH DATA ELEMENTS
- fixed length control field: 210506|| aca||aabn | a|a d
040 ## - CATALOGING SOURCE
- Original cataloging agency: OSt
- Transcribing agency: OSt
110 ## - HEADING--CORPORATE NAME
- Corporate name or jurisdiction name as entry element: Confederación de cooperativas de Colombia-Confecoop
670 ## - SOURCE DATA FOUND
- Source citation: Work cat.: (OSt)7834: 15454, Crisis del cooperativismo financiero colombiano en la década de los noventa : , 2003